Introducción al derecho comercial (Registro nro. 4795)
[ vista simple ]
| 000 -Cabecera | |
|---|---|
| Campo de control de longitud fija | 00833aam a2200313 4500 |
| 005 - Fecha y hora de la última transacción | |
| Campo de control | 20250819195217.0 |
| 008 - Elementos de longitud fija--Información general | |
| Campo de control de longitud fija | 150420b2003 xxu||||| |||| 00| 0 spa d |
| 020 ## - International Standard Book Number | |
| Número Internacional Estándar del Libro (ISBN) | 9789977100483 |
| 041 ## - Idioma | |
| Código de idioma | Español |
| 082 ## - Clasificación Decimal Dewey | |
| Número de clasificación | 346.07 M827i |
| 100 ## - Entrada principal--Autor personal | |
| Nombre personal | Mora Rojas, Fernando |
| 9 (RLIN) | 34100 |
| 245 ## - Título propiamente dicho | |
| Título | Introducción al derecho comercial |
| 260 ## - Pie de imprenta | |
| Lugar de publicación, distribución, etc. | Costa Rica |
| 260 ## - Pie de imprenta | |
| Nombre del editor, distribuidor, etc. | Juritexto |
| 260 ## - Pie de imprenta | |
| Fecha de publicación, distribución, etc. | 2003 |
| 300 ## - Descripción física | |
| Extensión | 288 páginas |
| 490 ## - Serie | |
| Título de la Serie | Dirección y Administración de Empresas |
| 650 ## - Materia general | |
| Temática (materia general) | DERECHO COMERCIAL |
| 650 ## - Materia general | |
| Temática (materia general) | COSTA RICA |
| 650 ## - Materia general | |
| Temática (materia general) | CÓDIGO DE COMERCIO |
| 650 ## - Materia general | |
| Temática (materia general) | CATEGORÍAS JURÍDICAS |
| 650 ## - Materia general | |
| Temática (materia general) | HISTORIA |
| 650 ## - Materia general | |
| Temática (materia general) | ACTOS SUBJETIVOS DE COMERCIO |
| 650 ## - Materia general | |
| Temática (materia general) | ACTOS DE COMERCIO |
| 650 ## - Materia general | |
| Temática (materia general) | EMPRESAS |
| 650 ## - Materia general | |
| Temática (materia general) | PERFIL DE LA EMPRESA |
| 650 ## - Materia general | |
| Temática (materia general) | ACTIVIDAD ECONÓMICA |
| 942 ## - Punto de acceso adicional KOHA | |
| Tipo de ítem KOHA | Libro |
| Fuente del sistema de clasificación o colocación | Dewey Decimal Classification |
| Signatura completa | Código de barras | Programa Académico | Tipo de ítem |
|---|---|---|---|
| 346.07 M827i | 304 | Dirección y Administración de Empresas | Libro |